000 00669nam a2200229Ia 4500
003 OSt
005 20220926044208.0
006 a|||||r|||| 00| 0
007 ta
008 220923b |||||||| |||| 00| 0 eng d
037 _cGeneral Book
040 _aRTL
_cRTL
_beng
041 _2eng
_aeng
082 _aK97.44Q7715, K7
100 _aTaber Richard D. etc.
_9348646
245 0 _aMammal of the Lyallpur region, West Pakistan
260 _c1967
500 _aReprinted from Journal of Mammalogy 48(3), 21 Aug 67; 392-407
650 _aZoology
_912
942 _hK97.44Q7715, K7
_cGB
_2CC
999 _c674204
_d674204